Statistiken für Top 15 der betroffenen Covid-19-Länder - 1. Juni

Klicken Sie hier um das Quiz zu spielen!

Allgemein

  • Dieses Quiz wurde 10 mal gespielt
  • Das Durchschnittsergebnis liegt bei 18 aus 25

Antwortstatistiken

Land% Korrekt
Brasilien
100%
Deutschland
100%
Frankreich
100%
Indien
100%
Italien
100%
Kanada
100%
Spanien
100%
Vereinigtes Königreich
100%
Vereinigte Staaten
100%
Iran
90%
Mexiko
90%
Russland
90%
Belgien
80%
Peru
80%
Schweden
80%
Türkei
80%
Schweiz
60%
Irland
50%
Chile
40%
Chile
40%
Kuwait
40%
Bahrain
30%
Katar
30%
Singapur
30%
Weißrussland
30%

Verteilung der Resultate

Perzentil nach korrekt beantworteten Fragen

Anzahl Personen mit jedem Resultat

Ihre Resultats-Entwicklung

Sie haben dieses Quiz noch nicht gespielt